[Event "TCh-BEL 2012-13"]
[Site "Belgium BEL"]
[Date "2012.12.02"]
[Round "5.7"]
[White "Tan,Mat"]
[Black "Van Heirzeele,D"]
[Result "1-0"]
[WhiteElo "2428"]
[BlackElo "2125"]

1.e4 c5 2.Nf3 d6 3.Bb5+ Bd7 4.Bxd7+ Qxd7 5.c4 Nc6 6.Nc3 g6 7.d4 cxd4 8.Nxd4 Bg7
9.Nde2 Nf6 10.f3 O-O 11.O-O a6 12.a4 Rac8 13.b3 e6 14.Bg5 h6 15.Bh4 g5 16.Bf2 Rfe8
17.Qd2 Qc7 18.Rfd1 Rcd8 19.Rab1 b6 20.Kh1 Nb4 21.Rbc1 Rd7 22.Nb5 axb5 23.cxb5 Qb8
24.Qxb4 d5 25.Ng3 g4 26.fxg4 Nxg4 27.Bg1 d4 28.Qd2 Qe5 29.Qe1 h5 30.h3 Bh6
31.hxg4 Bxc1 32.Rxc1 d3 33.Nf1 hxg4 34.Rd1 f6 35.Bh2 Qb2 36.Qg3 Qxb3 37.Qxg4+ Rg7
38.Qf3 Rd8 39.Ne3 Qxa4 40.Qxf6 Rdd7 41.Qxe6+ Kh8  1-0

[Event "TCh-HUN 2012-13"]
[Site "Budapest HUN"]
[Date "2012.12.02"]
[Round "5"]
[White "Antal,Ge"]
[Black "Nestorovic,L"]
[Result "0-1"]
[WhiteElo "2508"]
[BlackElo "2384"]

1.e4 c5 2.Nf3 d6 3.Bb5+ Bd7 4.Bxd7+ Qxd7 5.O-O Nf6 6.Re1 Nc6 7.d4 cxd4 8.Nxd4 e6
9.c4 Be7 10.Nc3 O-O 11.Nc2 a6 12.b3 Qc7 13.Bb2 Ne5 14.Ne3 Ng6 15.g3 Rfe8
16.Rc1 Rac8 17.f4 Qb8 18.Qe2 Bd8 19.Kg2 Ba5 20.Nc2 b5 21.Nd4 bxc4 22.bxc4 Nxe4
23.Nxe4 Bxe1 24.Rxe1 d5 25.Nf2 e5 26.Qd2 exd4 27.Qxd4 f6 28.Rxe8+ Rxe8 29.Qxd5+ Kh8
30.Bc3 Ne7 31.Qf3 Nf5 32.Ne4 Qb7 33.Nd2 Re2+  0-1

[Event "TCh-HUN 2012-13"]
[Site "Budapest HUN"]
[Date "2012.12.02"]
[Round "5"]
[White "Szieberth,A"]
[Black "Medve,M"]
[Result "1/2-1/2"]
[WhiteElo "2341"]
[BlackElo "1976"]

1.e4 c5 2.Nf3 d6 3.Bb5+ Bd7 4.a4 Nc6 5.h3 Nf6 6.Nc3 g6 7.d4 cxd4 8.Nxd4 Bg7
9.Be3 O-O 10.Qd2 Nxd4 11.Bxd4 Bc6 12.Bd3 d5 13.e5 Ne4 14.Qe3 Nxc3 15.bxc3 Qd7
16.O-O a6 17.a5 Qe6 18.Rfe1 f5 19.exf6 Qxe3 20.fxg7 Qxe1+ 21.Rxe1 Rf7 22.h4 Re8
23.Be5 e6 24.f4 Rxg7 25.Bxg7 Kxg7 26.Re5 Kf6 27.Kf2 Ke7 28.g3 Bb5 29.Re1 Bxd3
30.cxd3 Rc8 31.Rb1 Rc7 32.Ke3 Kd6 33.Kd4 Ke7 34.Ke5 h5 35.Rb6 Rxc3 36.Rxe6+ Kf7
37.Rb6 Rxd3 38.Rxb7+ Ke8 39.Rb6 Rxg3 40.Rxa6 Ra3 41.Ke6 Kf8 42.Kf6 Ke8 43.Kxg6 d4
44.Rd6 Rxa5 45.Rxd4 Ra6+ 46.Kxh5 Kf7 47.Rd7+ Kf6 48.Kg4 Ra1 49.Rd6+ Kg7 50.Kg5 Rg1+
51.Kf5 Rh1 52.Rd7+ Kh6 53.Kf6 Rxh4 54.f5 Ra4 55.Kf7 Ra1 56.f6 Kh7 57.Rd2 Ra7+
58.Ke6 Kg6 59.Rg2+ Kh7 60.Rd2 Kg6 61.Rg2+ Kh7 62.Re2 Kg6 63.f7 Ra6+ 64.Ke7 Ra7+
65.Ke8 Ra8+ 66.Ke7 Ra7+  1/2-1/2

[Event "4th London Classic Open"]
[Site "London ENG"]
[Date "2012.12.02"]
[Round "2.2"]
[White "Britton,R"]
[Black "Rowson,J"]
[Result "0-1"]
[WhiteElo "2233"]
[BlackElo "2586"]

1.e4 c5 2.Nf3 d6 3.Bb5+ Nd7 4.d4 Nf6 5.Nc3 a6 6.Bxd7+ Nxd7 7.Be3 e6 8.d5 e5
9.a4 b6 10.O-O Be7 11.Qe2 Nf6 12.h3 O-O 13.Rfb1 Qc7 14.Ra3 Rb8 15.Nd2 Nd7
16.Qd3 g6 17.Bh6 Re8 18.Nf1 Nf6 19.g4 Kh8 20.Kg2 Ng8 21.Bd2 Bh4 22.Ne3 Rf8
23.f3 f5 24.Rf1 h5 25.Ne2 Nf6 26.exf5 gxf5 27.Nxf5 c4 28.Qe3 Bxf5 29.gxf5 Rg8+
30.Kh2 Rg5 31.f4 Rxf5 32.Raa1 Re8 33.fxe5 Rfxe5 34.Qh6+ Qh7 35.Qxh7+ Kxh7
36.Ng1 Re2+ 37.Nxe2 Rxe2+ 38.Kg1 Rxd2 39.Rf4 Bg5 40.Rxc4 Nxd5 41.a5 b5 42.Rc6 Be3+
43.Kh1 Nb4 44.Rc7+ Kg6 45.c3 Nd3 46.b4 Ne5 47.Rf1 Kg5 48.Rg7+ Kh4 49.Rg2 Rd3
50.Rg8 Kxh3 51.Rh8 h4 52.Rg8 Rd2  0-1

[Event "TCh-HUN 2012-13"]
[Site "Paks HUN"]
[Date "2012.12.02"]
[Round "5"]
[White "Nevednichy,V"]
[Black "Horvath,Zs"]
[Result "1-0"]
[WhiteElo "2554"]
[BlackElo "2400"]

1.e4 c5 2.Nf3 d6 3.Bb5+ Bd7 4.Bxd7+ Qxd7 5.O-O Nc6 6.c3 Nf6 7.d4 e5 8.dxe5 dxe5
9.Qe2 O-O-O 10.Bg5 Be7 11.Bxf6 Bxf6 12.Nbd2 Qd3 13.Rfe1 Qxe2 14.Rxe2 Rd7
15.Nc4 Re8 16.a4 Bd8 17.Rd2 Rxd2 18.Nfxd2 Be7 19.Kf1 Rd8 20.Ke2 Rd7 21.g3 g6
22.Nf3 Bf6 23.g4 h6 24.h4 Bg7 25.Ne1 Bf6 26.Nf3 Bg7 27.Rh1 b6 28.Ne1 Kc7
29.Nd3 Rd8 30.Rh3 Rd7 31.Rf3 Re7 32.Rh3 Rd7 33.Rh1 Rd8 34.Ne3 Ne7 35.h5 Rd6
36.Nc4 Re6 37.Rh3 g5 38.Rh1 Nc6 39.Ne3 f6 40.Rc1 Bf8 41.b4 cxb4 42.cxb4 Kb7
43.Nf5 Ne7 44.Ne3 Nc6 45.Nd5 Nd4+ 46.Ke3 Bd6 47.Ne1 Bb8 48.Nf3 Nxf3 49.Kxf3 Bd6
50.Ke2 a6 51.Rc3 b5 52.axb5 axb5 53.Ra3 Bc7 54.Ra8 Bb8 55.Ra5 Ba7 56.Rxb5+ Kc6
57.Ra5 Kb7 58.b5 Bd4 59.Ra3 Re8 60.Ra6  1-0

[Event "22nd TCh-SLO 2012"]
[Site "Slovenia SLO"]
[Date "2012.12.02"]
[Round "6"]
[White "Borisek,J"]
[Black "Kozul,Z"]
[Result "0-1"]
[WhiteElo "2560"]
[BlackElo "2638"]

1.e4 c5 2.Nf3 d6 3.Bb5+ Bd7 4.Bxd7+ Nxd7 5.O-O Ngf6 6.Qe2 Rc8 7.c3 Qc7 8.c4 a6
9.Nc3 e6 10.d3 Be7 11.Bf4 O-O 12.h3 Ne5 13.Nxe5 dxe5 14.Bg5 h6 15.Bxf6 Bxf6
16.g3 Rfd8 17.h4 Rd6 18.Rad1 Qd7 19.f4 Rd8 20.Rf3 b5 21.b3 bxc4 22.bxc4 Rb6
23.Kh1 Qd4 24.Rc1 Rdb8 25.f5 Rb2 26.Qd1 Bd8 27.Qa4 Kh7 28.fxe6 fxe6 29.Qxa6 Rf2
30.Rxf2 Qxf2 31.Qxe6 Qf3+ 32.Kh2 Rb2+ 33.Kh3 Qg2+ 34.Kg4 h5+ 35.Kxh5 Qxg3  0-1

[Event "4th London Classic Open"]
[Site "London ENG"]
[Date "2012.12.03"]
[Round "3.9"]
[White "McDonald,N"]
[Black "Moriuchi,T"]
[Result "1/2-1/2"]
[WhiteElo "2454"]
[BlackElo "2316"]

1.e4 c5 2.Nf3 d6 3.Bb5+ Nc6 4.O-O Bd7 5.c3 Nf6 6.Re1 a6 7.Ba4 c4 8.d4 cxd3
9.Bg5 Ng4 10.Qxd3 Nce5 11.Bxd7+ Qxd7 12.Qd1 Nxf3+ 13.Qxf3 Ne5 14.Qe3 g6 15.f4 Ng4
16.Qd4 e5 17.fxe5 dxe5 18.Qxd7+ Kxd7 19.h3 Bc5+ 20.Kh1 Nf2+ 21.Kh2 Ke6 22.b4 Ba7
23.Nd2 Rhc8 24.c4 f6 25.Bh4 Nd3 26.Rf1 g5 27.Rf3 gxh4 28.Rxd3 Bf2 29.Rd1 a5
30.b5 Bd4 31.Nf3 Rxc4 32.Nxh4 Rc2 33.R1d2 Rac8 34.Nf5 Rxd2 35.Rxd2 Rc4 36.g4 a4
37.Kg3 a3 38.Rd3 Bc5 39.Ng7+ Ke7 40.Nf5+ Ke6 41.Ng7+ Ke7 42.Nf5+  1/2-1/2

[Event "5th Kolkata Open"]
[Site "Kolkata IND"]
[Date "2012.12.04"]
[Round "2"]
[White "Grover,S"]
[Black "Soumya,Sw"]
[Result "1-0"]
[WhiteElo "2509"]
[BlackElo "2268"]

1.e4 c5 2.Nf3 d6 3.Bb5+ Bd7 4.Bxd7+ Qxd7 5.c4 Nc6 6.O-O g6 7.d4 cxd4 8.Nxd4 Bg7
9.Be3 Nf6 10.f3 O-O 11.Nc3 Rfc8 12.b3 Qd8 13.Rc1 Nd7 14.Nde2 Qf8 15.Qd2 a6
16.f4 Nf6 17.Nd5 Rab8 18.Qd3 Nd7 19.Nb6 Nxb6 20.Bxb6 Bb2 21.Rb1 Ba3 22.Qe3 Bb4
23.Nc3 Ba5 24.Bxa5 Nxa5 25.e5 b5 26.exd6 exd6 27.Nd5 Nc6 28.Nf6+ Kh8 29.Nd7 Qg7
30.Nxb8 Rxb8 31.Rbd1 Qf6 32.c5 Rd8 33.cxd6 Rxd6 34.Rxd6 Qxd6 35.f5 gxf5 36.Rxf5 Kg7
37.Rg5+ Kf6 38.h4 h6 39.Rg8 Qd4 40.Qxd4+ Nxd4 41.Ra8  1-0

[Event "5th Kolkata Open"]
[Site "Kolkata IND"]
[Date "2012.12.05"]
[Round "3"]
[White "Deepan,C"]
[Black "Wojtaszek,R"]
[Result "1/2-1/2"]
[WhiteElo "2487"]
[BlackElo "2734"]

1.e4 c5 2.Nf3 d6 3.Bb5+ Nd7 4.O-O a6 5.Bxd7+ Bxd7 6.d4 cxd4 7.Qxd4 e5 8.Qd3 h6
9.c4 b5 10.Na3 Qb8 11.b3 Nf6 12.Nd2 Be7 13.Nc2 O-O 14.Ne3 Qb6 15.Bb2 Rac8
16.Kh1 Be6 17.Rab1 Rfe8 18.f3 Qb7 19.Rfd1 Red8 20.Rdc1 Nd7 21.Rc2 Nc5 22.Qe2 Bg5
23.Rd1 h5 24.Ndf1 h4 25.Ba3 h3 26.cxb5 axb5 27.Bb4 Rc6 28.Rcd2 hxg2+ 29.Qxg2 Bf4
30.Bxc5 Rxc5 31.Rxd6 Rxd6 32.Rxd6 Qc7 33.Rd1 Rc1 34.Qd2 Rxd1 35.Qxd1 Qc5
36.Qd2 Kh7 37.Kg2 Qe7 38.Qe2 Qg5+ 39.Ng4 g6 40.Ng3 b4 41.Nf2 Qd8 42.Nd3 Qd7
43.Nf2 Bg5 44.Ng4 Qd6 45.Nf2 Kg7 46.Ng4 Bc8 47.Qb5 Bf4 48.Nf2 Ba6 49.Qd5 Qc7
50.Qd1 Qc5 51.Ng4 Qd4 52.Qc2 Qc3 53.Qf2 Bg5 54.h4 Bxh4 55.Nf5+ gxf5 56.Qxh4 Qd2+
57.Nf2 fxe4 58.Qg4+ Kf6 59.Qxe4 Qe2 60.Qh4+ Ke6 61.Qg4+ Kf6 62.Qh4+ Ke6 63.Qg4+ f5
64.Qg8+ Kd6 65.Qd8+ Kc5 66.Qe7+ Kd5 67.Qd7+ Kc5 68.Qe7+ Kd5  1/2-1/2

[Event "4th London Classic Open"]
[Site "London ENG"]
[Date "2012.12.05"]
[Round "5.5"]
[White "Ferguson,M"]
[Black "Williams,Si1"]
[Result "0-1"]
[WhiteElo "2402"]
[BlackElo "2515"]

1.e4 c5 2.Nf3 d6 3.Bb5+ Nc6 4.Bxc6+ bxc6 5.O-O Bg4 6.h3 Bh5 7.e5 dxe5 8.g4 Bg6
9.Nxe5 e6 10.d3 Bd6 11.Nxg6 hxg6 12.Qf3 Ne7 13.Nc3 Bc7 14.Bf4 Bxf4 15.Qxf4 Nd5
16.Nxd5 cxd5 17.Kg2 g5 18.Qa4+ Ke7 19.b4 d4 20.bxc5 Qd5+ 21.f3 Qxc5 22.Rab1 Rab8
23.Rfe1 Rhc8 24.Rxb8 Rxb8 25.Re2 Rb2 26.Rf2 a5 27.Re2 e5 28.Kf2 f6 29.Kg3 Qc3
30.Kf2 Rb1 31.Kg2 Qa1 32.Qxa5 Rg1+ 33.Kh2 Rh1+ 34.Kg3 Qg1+ 35.Rg2 Rxh3+  0-1

[Event "London Classic Women Inv"]
[Site "London ENG"]
[Date "2012.12.05"]
[Round "5"]
[White "Smith,O"]
[Black "Sandu,Mi"]
[Result "1/2-1/2"]
[WhiteElo "2018"]
[BlackElo "2199"]

1.e4 c5 2.Nf3 d6 3.Bb5+ Bd7 4.Bxd7+ Qxd7 5.c4 Nc6 6.d4 cxd4 7.Nxd4 g6 8.Nc3 Bg7
9.Nde2 Nf6 10.O-O O-O 11.f3 Qd8 12.Be3 Nd7 13.Qd2 Qa5 14.b3 a6 15.a4 Rac8
16.Rab1 Rfe8 17.Rfd1 Qd8 18.Kh1 Nce5 19.Bh6 Bh8 20.Nd5 Nf6 21.Bg5 Nxd5 22.exd5 Nd7
23.Nc1 b5 24.axb5 axb5 25.cxb5 Rb8 26.Nd3 Rxb5 27.Nb4 Bf6 28.Nc6 Qb6 29.Be3 Qb7
30.b4 Nb6 31.Bxb6 Qxb6 32.Rbc1 Kg7 33.Rc4 e6 34.dxe6 Rxe6 35.Nd4 Bxd4 36.Qxd4+ Qxd4
37.Rcxd4 Re2 38.Kg1 Rg5 39.Rg4 Rxg4 40.fxg4 Rb2 41.Rxd6  1/2-1/2

[Event "FSIM December 2012"]
[Site "Budapest HUN"]
[Date "2012.12.06"]
[Round "5.1"]
[White "Lyell,M"]
[Black "Szeberenyi,A"]
[Result "1/2-1/2"]
[WhiteElo "2226"]
[BlackElo "2331"]

1.e4 c5 2.Nf3 d6 3.Bb5+ Bd7 4.Bxd7+ Qxd7 5.O-O Nc6 6.Qe2 Nf6 7.Rd1 g6 8.c3 Qg4
9.d3 c4 10.d4 Qxe4 11.Qxc4 Bg7 12.Bg5 O-O 13.Nbd2 Qf5 14.Nf1 Rac8 15.Ne3 Qd7
16.Qe2 d5 17.Ne5 Qd6 18.Nd3 e6 19.h4 Ne4 20.Bf4 Qe7 21.h5 Qh4 22.hxg6 hxg6
23.f3 Ng3 24.Qe1 Qh1+ 25.Kf2 Qxe1+ 26.Rxe1 Nh5 27.Bh2 Rfd8 28.g4 Nf6 29.g5 Ne8
30.Ng4 Kf8 31.Rh1 Ke7 32.Be5 Bxe5 33.Ngxe5 Nxe5 34.Nxe5 Nd6 35.Rh7 Rg8 36.Rah1 Rcf8
37.Ng4 Ne8 38.Ke2 Rg7 39.Rxg7 Nxg7 40.Rh7 Nf5 41.Ne5 Ke8 42.b3 Ne7 43.Kd3 Nc6
44.f4 Nxe5+ 45.fxe5 b5 46.Rh1 Ke7 47.a4 bxa4 48.Ra1 axb3 49.Rxa7+ Kd8 50.Kd2 Re8
51.Rxf7 Rh8 52.Kc1 Rh2 53.Rf6 Ke7 54.Rxg6 Rc2+ 55.Kb1 Rxc3 56.Rg7+ Kf8 57.Rb7 Rd3
58.g6 Rxd4 59.Rf7+ Kg8 60.Re7 Re4 61.Rxe6 Kg7 62.Kb2 Re3 63.Rd6 Rxe5 64.Kxb3 Rg5
65.Kc3 Rxg6 66.Rxg6+ Kxg6 67.Kd4 Kf5 68.Kxd5  1/2-1/2

[Event "5th Kolkata Open"]
[Site "Kolkata IND"]
[Date "2012.12.06"]
[Round "4"]
[White "Grover,S"]
[Black "Udeshi,A"]
[Result "1/2-1/2"]
[WhiteElo "2509"]
[BlackElo "2376"]

1.e4 c5 2.Nf3 d6 3.Bb5+ Bd7 4.Bxd7+ Nxd7 5.O-O Ngf6 6.Qe2 e6 7.d3 Be7 8.Ng5 O-O
9.f4 d5 10.Nd2 Ne8 11.Nh3 Nc7 12.f5 exf5 13.Rxf5 dxe4 14.Nxe4 Ne6 15.c3 Nf6
16.Bd2 Nxe4 17.Qxe4 Qd7 18.Nf4 Nxf4 19.Bxf4 Rfe8 20.Rf1 Rad8  1/2-1/2

[Event "4th London Classic Open"]
[Site "London ENG"]
[Date "2012.12.06"]
[Round "6"]
[White "Moriuchi,T"]
[Black "Kocwin,B"]
[Result "1-0"]
[WhiteElo "2316"]
[BlackElo "2226"]

1.e4 c5 2.Nf3 d6 3.Bb5+ Nc6 4.O-O Bd7 5.Re1 Nf6 6.c3 a6 7.Bf1 Bg4 8.h3 Bh5
9.d3 e6 10.Bf4 Be7 11.Nbd2 O-O 12.g4 Bg6 13.Nh4 Nd7 14.Nxg6 fxg6 15.Be3 e5
16.Bg2 Rf7 17.Rf1 Bg5 18.Qb3 Na5 19.Qd5 Bxe3 20.fxe3 Nf6 21.Qe6 Qc7 22.a3 Re8
23.Qa2 g5 24.Rf5 h6 25.Raf1 Qe7 26.b4 cxb4 27.axb4 Nc6 28.R5f2 Qe6 29.Qxe6 Rxe6
30.Bf3 Nd7 31.Bd1 Rxf2 32.Rxf2 Rf6 33.Nc4 b6 34.Bb3 Rxf2 35.Kxf2 Kf8 36.Nxd6 Ke7
37.Nf5+ Kf6 38.Ke2 Ne7 39.Ba4 b5 40.Bb3 g6 41.Nxh6  1-0

[Event "4th London Classic Open"]
[Site "London ENG"]
[Date "2012.12.06"]
[Round "6.8"]
[White "Schneider,Dm"]
[Black "D'Costa,L"]
[Result "1/2-1/2"]
[WhiteElo "2477"]
[BlackElo "2417"]

1.e4 c5 2.Nf3 d6 3.Bb5+ Nc6 4.Bxc6+ bxc6 5.O-O Bg4 6.h3 Bh5 7.e5 dxe5 8.g4 Bg6
9.Nxe5 e6 10.Nc3 Bd6 11.Nxg6 hxg6 12.Qf3 Ne7 13.d3 Bc7 14.Qg2 Nd5 15.Ne4 Bf4
16.Nxc5 Bxc1 17.Raxc1 Nf4 18.Qxc6+ Kf8 19.Qf3 g5 20.Rfe1 Rxh3 21.Qb7 Kg8
22.Nd7 Rc8 23.Ne5 Rc7 24.Qe4 Qf6 25.Re3 Rh4 26.Qa8+ Kh7 27.Qe4+ Kg8 28.Qa8+ Kh7
29.Qe4+  1/2-1/2

[Event "5th Kolkata Open"]
[Site "Kolkata IND"]
[Date "2012.12.07"]
[Round "5"]
[White "Rathnakaran,K"]
[Black "Sethuraman,S"]
[Result "0-1"]
[WhiteElo "2435"]
[BlackElo "2520"]

1.e4 c5 2.Nf3 d6 3.Bb5+ Nd7 4.O-O a6 5.Be2 Ngf6 6.Nc3 g6 7.a4 b6 8.d4 cxd4
9.Nxd4 Bb7 10.Bc4 Bg7 11.Re1 O-O 12.Bg5 Qc7 13.Bd5 Rac8 14.Qd2 Ne5 15.Bxb7 Qxb7
16.Rad1 b5 17.axb5 axb5 18.Bxf6 Bxf6 19.Nd5 Bg7 20.Qg5 Rfe8 21.Re3 e6 22.Nf6+ Bxf6
23.Qxf6 Ng4 24.Qh4 Nxe3 25.fxe3 Rc5 26.Rf1 Re5 27.Rf3 Rxe4 28.Rxf7 Qxf7 29.Qxe4 e5
30.Nf3 Qc4 31.Qb7 Qc5 32.h4 Qxe3+ 33.Kh2 Qf4+ 34.Kh3 Qf7 35.Qxb5 e4 36.Nd4 e3
37.Qe2 Re4 38.c3 d5 39.Nf3 Qf5+ 40.Kh2 Re7 41.b4 Qf4+ 42.Kg1 Ra7 43.Qd1 Qe4
44.b5 Ra2 45.Kh2 Rf2 46.Kg3 e2  0-1

[Event "4th London Classic Open"]
[Site "London ENG"]
[Date "2012.12.08"]
[Round "8.8"]
[White "Schneider,Dm"]
[Black "Hamitevici,V"]
[Result "1/2-1/2"]
[WhiteElo "2477"]
[BlackElo "2440"]

1.e4 c5 2.Nf3 d6 3.Bb5+ Bd7 4.Bxd7+ Qxd7 5.O-O Nc6 6.c3 Nf6 7.Re1 e6 8.d4 cxd4
9.cxd4 d5 10.e5 Ne4 11.Nbd2 Nxd2 12.Bxd2 Be7 13.Rc1 O-O 14.Rc3 Rfc8 15.a3 b6
16.Rd3 Qd8 17.h4 Bxh4 18.Nxh4 Qxh4 19.Rg3 Qxd4 20.Bh6 g6 21.Qe2 Ne7 22.Bg5 Nf5
23.Rd3 Qc4 24.Bf6 h5 25.Red1 Qg4 26.Qd2 Rc4 27.b3 Rc5 28.Rf3 Kh7 29.Rf4 Rc2
30.Qxc2 Qxf4 31.Qc7 Rf8 32.Qxa7 Qg4 33.Rc1 g5 34.Qxb6 Nh4 35.g3 Rg8 36.Qc7 Qh3
37.Qxf7+ Kh6 38.gxh4 Qg4+ 39.Kf1 gxh4 40.Bd8 Qg2+ 41.Ke1 Qe4+ 42.Kd2 Qd4+
43.Kc2 Qe4+ 44.Kd2 Qd4+ 45.Kc2 Qe4+ 46.Kd2  1/2-1/2

[Event "22nd TCh-SLO 2012"]
[Site "Slovenia SLO"]
[Date "2012.12.08"]
[Round "9"]
[White "Praznik,A"]
[Black "Vidic,B"]
[Result "1-0"]
[WhiteElo "2132"]
[BlackElo "2041"]

1.e4 c5 2.Nf3 d6 3.Bb5+ Bd7 4.Bxd7+ Qxd7 5.O-O Nc6 6.Qe2 e6 7.Rd1 a6 8.c3 Nf6
9.d4 cxd4 10.cxd4 d5 11.e5 Ng8 12.Nc3 b5 13.Be3 Bb4 14.Rac1 Nge7 15.a3 Ba5
16.b4 Bd8 17.Rc2 O-O 18.Rdc1 Rc8 19.Nb1 Bb6 20.Nbd2 Na7 21.Nb3 Rc4 22.Nfd2 Rxc2
23.Rxc2 Rc8 24.Nc5 Bxc5 25.bxc5 Nec6 26.Qg4 Kh8 27.Bg5 a5 28.Rc3 Qe8 29.Rg3 g6
30.Rh3 Kg8 31.Rxh7  1-0

[Event "4th London Classic Open"]
[Site "London ENG"]
[Date "2012.12.09"]
[Round "9"]
[White "Player,E"]
[Black "Eriksson,B1"]
[Result "1/2-1/2"]
[WhiteElo "2248"]
[BlackElo "2154"]

1.e4 c5 2.Nf3 d6 3.Bb5+ Nd7 4.d4 cxd4 5.Qxd4 a6 6.Bc4 e6 7.a4 Qc7 8.O-O Ngf6
9.Nc3 Be7 10.h3 O-O 11.Re1 Ne5 12.Nxe5 dxe5 13.Qd3 Rd8 14.Qe2 b6 15.Be3 Bb4
16.Bg5 Rd4 17.Bd3 Bb7 18.Bxf6 gxf6 19.Qg4+ Kh8 20.Qh4 Be7 21.Qh5 Bb4 22.Re3 Rg8
23.Ne2 Rdd8 24.Rg3 f5 25.exf5 e4 26.Qh4 Rxg3 27.Nxg3 exd3 28.Qf6+ Kg8 29.Nh5 Bf8
30.Qg5+ Kh8 31.Qf6+ Kg8 32.Qg5+ Kh8 33.Qf6+  1/2-1/2

[Event "12th Porec Open"]
[Site "Porec CRO"]
[Date "2012.12.09"]
[Round "7.6"]
[White "Muskardin,M"]
[Black "Trempetic,M"]
[Result "1-0"]
[WhiteElo "2211"]
[BlackElo "2042"]

1.e4 c5 2.Nf3 d6 3.Bb5+ Bd7 4.Bxd7+ Nxd7 5.O-O Ngf6 6.Qe2 e5 7.c3 Be7 8.d4 cxd4
9.cxd4 O-O 10.Rd1 Qc7 11.Nc3 a6 12.Bg5 Rad8 13.Rac1 Qb8 14.a4 h6 15.Bh4 Rfe8
16.a5 Nh5 17.Nd5 Bxh4 18.Nxh4 Nhf6 19.Nxf6+ Nxf6 20.d5 b5 21.Rc6 Rc8 22.Nf5 Rxc6
23.dxc6 Re6 24.Qe3 Qc8 25.Qb6 Ne8 26.Qb7 Qc7 27.Qxa6 g6 28.Ne3  1-0

[Event "ch-IRI 2012"]
[Site "Zahedan IRI"]
[Date "2012.12.09"]
[Round "4.1"]
[White "Ghaem Maghami,E"]
[Black "Sedaghati,M"]
[Result "1-0"]
[WhiteElo "2572"]
[BlackElo "2165"]

1.e4 c5 2.Nf3 d6 3.Bb5+ Nd7 4.d4 Nf6 5.O-O a6 6.Bxd7+ Nxd7 7.Nc3 cxd4 8.Qxd4 e5
9.Qd3 Be7 10.Rd1 O-O 11.Be3 Re8 12.Nd5 Nc5 13.Bxc5 dxc5 14.Nxe5 Be6 15.Qf3 Qb8
16.Nc4 Bxd5 17.Rxd5 b5 18.Ne5 Bd6 19.Qxf7+ Kh8 20.Nd7 Bxh2+ 21.Kh1 Qc7 22.e5 Rf8
23.Qh5 Rfd8 24.e6 Bd6 25.Rad1 Be7 26.Qf7 Re8 27.Rh5 Rad8 28.Rd3 h6 29.Rg3  1-0

[Event "60th ch-HUN w 2012"]
[Site "Kisvarda HUN"]
[Date "2012.12.10"]
[Round "7"]
[White "Dudas,E"]
[Black "Papp,Petra"]
[Result "1/2-1/2"]
[WhiteElo "2243"]
[BlackElo "2254"]

1.e4 c5 2.Nf3 d6 3.Bb5+ Bd7 4.Bxd7+ Qxd7 5.O-O Nf6 6.Re1 Nc6 7.d4 cxd4 8.Nxd4 Nxd4
9.Qxd4 g6 10.c4 Bg7 11.Nc3 O-O 12.Qd3 Rac8 13.Rb1 Ng4 14.b3 Ne5 15.Qg3 f5
16.Bf4 fxe4 17.Nxe4 Qf5 18.Bxe5 Bxe5 19.Qg5 Qxg5 20.Nxg5 h6 21.Nf3 Bf6 22.Rbd1 Kf7
23.Nd4 Be5 24.Nf3 Bf6 25.Nd4 Be5 26.Nf3 Bf6  1/2-1/2

[Event "ch-IRI 2012"]
[Site "Zahedan IRI"]
[Date "2012.12.10"]
[Round "5.10"]
[White "Maghsoodloo,Parham"]
[Black "Asgari,M"]
[Result "0-1"]
[WhiteElo "2030"]
[BlackElo "2300"]

1.Nf3 d6 2.e4 c5 3.Bb5+ Nd7 4.a4 Nf6 5.Nc3 e6 6.O-O Be7 7.d4 cxd4 8.Qxd4 O-O
9.h3 h6 10.Be3 a6 11.Bxd7 Bxd7 12.e5 dxe5 13.Nxe5 Be8 14.Rfd1 Qa5 15.Nc4 Qf5
16.Qd3 Qh5 17.Bf4 Bc6 18.Ne5 Rfd8 19.Qe3 Rxd1+ 20.Rxd1 Nd5 21.Rxd5 Bxd5 22.g4 Qh4
23.Nxd5 exd5 24.Qb3 Bc5 25.Nd3 Qe7 26.Qxd5 Ba7 27.Be5 Rd8 28.Qe4 f6 29.Qc4+ Kh7
30.Bg3 Rd4 31.Qb3 Qe4 32.Qa2 Rxa4 33.Qb1 Rc4 34.Qd1 Rc8 35.Ne1 Re8 36.Ng2 Qd4
37.Qb1 Rd8 38.Ne3 Qd2 39.Bf4 Bxe3 40.c3+ Qd3 41.Qxd3+ Rxd3 42.Bxe3 Rd1+ 43.Kg2 a5
44.Bb6 a4 45.Bc5 Rd3 46.Be7 Kg6 47.Bf8 Kf7 48.Ba3 g6 49.f3 Rd2+ 50.Kg3 b5
51.h4 g5 52.hxg5 hxg5 53.Kh3 Ke6 54.Kg3 Ke5  0-1

[Event "5th Kolkata Open"]
[Site "Kolkata IND"]
[Date "2012.12.11"]
[Round "9.16"]
[White "Sandipan,C"]
[Black "Narayanan,Sri"]
[Result "1/2-1/2"]
[WhiteElo "2613"]
[BlackElo "2439"]

1.e4 c5 2.Nf3 d6 3.Bb5+ Nd7 4.d4 cxd4 5.Qxd4 a6 6.Bxd7+ Bxd7 7.Bg5 Rc8 8.Nc3 h6
9.Bh4 e5 10.Qd3 g5 11.Bg3 Nf6 12.h4 g4 13.Nd2 b5 14.a3 h5 15.O-O-O Rg8 16.Rhg1 Qb6
17.f4 gxf3 18.gxf3 Bh6 19.Bh2 Ke7 20.Kb1 a5 21.f4 Bxf4 22.Bxf4 Rxg1 23.Be3 Rxc3
24.Bxg1 Rxd3 25.Bxb6 Rh3 26.Bxa5 Rxh4 27.Bb4 Bg4 28.Rf1 Rh2 29.c4 Be2 30.Rc1 Bd3+
31.Ka2 Nxe4 32.Nxe4 Bxe4 33.Rd1 bxc4 34.Rxd6 Ke8 35.a4 Rg2 36.Bc3 Ke7 37.Bb4 Ke8
38.Bc3 Ke7 39.Bb4 Ke8  1/2-1/2

[Event "4th Penang Heritage City Open"]
[Site "Penang MAS"]
[Date "2012.12.11"]
[Round "1.31"]
[White "Woong,Zhi Wei William"]
[Black "Yu,Chaojie"]
[Result "0-1"]
[WhiteElo "1591"]
[BlackElo "2128"]

1.e4 c5 2.Nf3 d6 3.Bb5+ Nc6 4.O-O Bd7 5.c3 Nf6 6.Qe2 a6 7.Ba4 b5 8.Bc2 Bg4
9.h3 Bh5 10.g4 Bg6 11.Nh4 e5 12.d3 Be7 13.Kg2 O-O 14.Nxg6 fxg6 15.Nd2 Kh8
16.Nf3 Ne8 17.Rd1 Nc7 18.Bb3 Qd7 19.d4 exd4 20.cxd4 Rxf3 21.Qxf3 Nxd4 22.Rxd4 cxd4
23.Qd3 Ne6 24.Bxe6 Qxe6 25.Qxd4 Rf8 26.g5 Qf7 27.f4 Bxg5 28.Qxd6 Rd8 29.Qb6 Qc4
30.Kf3 Qf1+ 31.Kg3 Rd3+ 32.Be3 Qxf4+ 33.Kg2 Qxe4+ 34.Kh2 Qxe3  0-1

[Event "4th Penang Heritage City Open"]
[Site "Penang MAS"]
[Date "2012.12.11"]
[Round "2.16"]
[White "Tan,Jun Feng"]
[Black "Turqueza,M"]
[Result "0-1"]
[WhiteElo "1883"]
[BlackElo "2255"]

1.e4 c5 2.Nf3 d6 3.Bb5+ Nd7 4.c4 g6 5.Nc3 Bg7 6.d4 cxd4 7.Nxd4 Nf6 8.Be3 O-O
9.Bxd7 Bxd7 10.f3 a5 11.Qd2 a4 12.O-O Qa5 13.Nce2 Qxd2 14.Bxd2 Rfc8 15.b3 e5
16.Nc2 d5 17.exd5 Nxd5 18.Ne3 Nxe3 19.Bxe3 b5 20.c5 b4 21.Rfc1 Be6 22.Kf2 f5
23.g3 Rc6 24.Rd1 Bf8 25.Rac1 axb3 26.axb3 Bxb3 27.Rd7 Rb8 28.f4 Be6 29.Ra7 b3
30.fxe5 b2  0-1

[Event "4th Penang Heritage City Open"]
[Site "Penang MAS"]
[Date "2012.12.11"]
[Round "2.2"]
[White "Yeap,E"]
[Black "Nguyen Duc Hoa"]
[Result "0-1"]
[WhiteElo "2144"]
[BlackElo "2503"]

1.e4 c5 2.Nf3 d6 3.Bb5+ Nd7 4.O-O a6 5.Be2 Ngf6 6.d3 e6 7.h3 Be7 8.Be3 Qc7
9.c4 b5 10.Nbd2 Bb7 11.Qc2 bxc4 12.dxc4 O-O 13.Nh2 Ne5 14.f4 Nc6 15.Rae1 Rab8
16.Rf2 d5 17.f5 Nd4 18.Bxd4 cxd4 19.e5 Qxe5 20.Nhf3 Qc7 21.fxe6 Ne4 22.Bd3 fxe6
23.Rfe2 Rbd8 24.cxd5 Qxc2 25.Bxc2 Nxd2 26.Nxd2 Bxd5 27.Rxe6 Bxe6 28.Rxe6 Bb4
29.Ne4 d3 30.Bb3 Kh8 31.Rb6 Rd4 32.Ng5 d2 33.Kh2 Bd6+ 34.g3 d1=Q 35.Bxd1 Rd2+
36.Kg1 Bc5+  0-1

[Event "5th Kolkata Open"]
[Site "Kolkata IND"]
[Date "2012.12.12"]
[Round "10.24"]
[White "Grover,S"]
[Black "Karavade,E"]
[Result "0-1"]
[WhiteElo "2509"]
[BlackElo "2385"]

1.e4 c5 2.Nf3 d6 3.Bb5+ Bd7 4.Bxd7+ Qxd7 5.c4 Nf6 6.Nc3 g6 7.d4 cxd4 8.Nxd4 Bg7
9.f3 O-O 10.Be3 Nc6 11.O-O Rac8 12.b3 e6 13.Qd2 Rfd8 14.Rad1 d5 15.Nxc6 bxc6
16.e5 Ne8 17.f4 Qb7 18.Na4 f6 19.Qe2 Qe7 20.Bc5 Qf7 21.Qe3 Rc7 22.Bb4 Ra8
23.Ba5 Rcc8 24.exf6 Nxf6 25.Nc5 Re8 26.Rfe1 dxc4 27.bxc4 e5 28.fxe5 Ng4 29.Qg3 Qxc4
30.Ne4 Nxe5 31.Bc3 Nf7 32.Qf4 Rxe4 33.Rxe4 Qxc3 34.Rc4 Qa5 35.Rxc6 Qxa2 36.Qe4 Rf8
37.h4 Ne5 38.Rc7 Qf2+ 39.Kh1 Qf6 40.Re1 a5 41.Rc5 Nd3 42.Qc4+ Kh8 43.Rc6 Qf2  0-1

[Event "ch-IRI 2012"]
[Site "Zahedan IRI"]
[Date "2012.12.12"]
[Round "8.2"]
[White "Golizadeh,A"]
[Black "Sedaghati,M"]
[Result "1-0"]
[WhiteElo "2476"]
[BlackElo "2165"]

1.e4 c5 2.Nf3 d6 3.Bb5+ Bd7 4.Bxd7+ Qxd7 5.c4 Nc6 6.d4 cxd4 7.Nxd4 Nf6 8.Nc3 g6
9.Nde2 Bg7 10.O-O O-O 11.f3 Rfc8 12.Be3 Qd8 13.b3 Nd7 14.Qd2 a6 15.Rab1 Qa5
16.a4 Qb4 17.Rfc1 Rab8 18.Kh1 h5 19.Nf4 e6 20.Nfe2 Na5 21.Ba7 Ra8 22.Bd4 Bxd4
23.Nxd4 Nb6 24.Qh6 Re8 25.f4 d5 26.exd5 exd5 27.f5 Qf8 28.Qxf8+ Rxf8 29.c5 Nc8
30.fxg6 Nc6 31.gxf7+ Rxf7 32.Rd1 Nb4 33.Rd2 Ne7 34.Na2 Nbc6 35.Nf3 a5 36.Kg1 Rc8
37.b4 axb4 38.Nxb4 Rd8 39.Nd3 Ng6 40.Rdb2 Na5 41.Rb6 Ne7 42.Nde5 Rf5 43.Rd6 Rc8
44.Rd7 Kf8 45.Re1 Ke8 46.c6 Nexc6 47.Rxd5  1-0

[Event "III ITT JAHV McGREGOR"]
[Site "Bogota COL"]
[Date "2012.12.13"]
[Round "3.14"]
[White "Loaiza,Y"]
[Black "Pardo,Alejandro"]
[Result "0-1"]
[WhiteElo "1911"]
[BlackElo "2214"]

1.e4 c5 2.Nf3 d6 3.Bb5+ Nd7 4.d4 cxd4 5.Qxd4 a6 6.Bxd7+ Bxd7 7.Nc3 Nf6 8.Bg5 e6
9.O-O Be7 10.Rfe1 O-O 11.Rad1 Bc6 12.Qd2 Qb6 13.b3 Rfd8 14.Bf4 Rac8 15.Nd4 Be8
16.Nf3 d5 17.exd5 Bb4 18.Be5 Qa5 19.Re3 Nxd5 20.Rd3 Bxc3 21.Bxc3 Qc7 22.Ba1 Qxc2
23.Qg5 f6 24.Qg4 Qxd3 25.Qxe6+ Bf7 26.Rxd3 Bxe6  0-1